| 000 | 00400cas a2200145 a 4500 | ||
|---|---|---|---|
| 022 | 0 | _a0193-9416 | |
| 040 | _cNLM | ||
| 082 | 0 | 0 | _a616 JOS 1986 A105 Or. |
| 245 | 0 | 0 | _aNew directions for mental health services |
| 260 |
_aSan Francisco : _bJossey-Bass, Inc., |
||
| 300 |
_av. : _bill. ; _c23 cm |
||
| 500 | _aDescription based on: No. 24 (Dec. 1984) | ||
| 650 | 0 | _aMental health services | |
| 942 | _cEK | ||
| 999 |
_c16162 _d16162 |
||